| 000 | 00597nam a2200217 a 4500 | ||
|---|---|---|---|
| 005 | 20140310183521.0 | ||
| 008 | 111003s19uu xx 00 eng d | ||
| 020 | _a9780071742320 | ||
| 050 |
_aHF 5718.5 _b .F74 2011 |
||
| 100 | _aFreed, Richard | ||
| 245 |
_aWriting winning business proposals / _cRichard Freed. |
||
| 250 | _a3rd ed. | ||
| 260 |
_aNew York : _bMcGraw Hill, _c2011. |
||
| 300 |
_a311 p. : _bill. ; _c25 cm |
||
| 521 | _aBSBA | ||
| 650 | _aProposal writing in business | ||
| 700 | _aRomano, Joseph | ||
| 700 | _aFreed, Shervin | ||
| 942 |
_cBK _2lcc _kFOR |
||
| 999 |
_c24404 _d24404 |
||